[Event "Titled Tue 24th Jun Early"]
[Site "chess.com INT"]
[Date "2025.06.24"]
[Round "2"]
[White "Foerster-Yialamas, Lucas"]
[Black "Krzesaj, Robert"]
[Result "0-1"]
[WhiteTitle "CM"]
[BlackTitle "FM"]
[WhiteElo "2060"]
[BlackElo "2391"]
[WhiteFideId "30901774"]
[BlackFideId "1123521"]
[EventDate "2025.06.24"]

1. c4 c6 2. e4 d5 3. cxd5 cxd5 4. exd5 Nf6 5. Bb5+ Nbd7 6. Nc3 a6 7. Qa4 g6 8.
Nf3 Bg7 9. O-O O-O 10. Bxd7 Nxd7 11. d4 b5 12. Qb3 Nb6 13. a4 bxa4 14. Nxa4 Nxd5
15. Nc5 Qd6 16. Qd3 Bf5 17. Qc4 Nc7 18. Bd2 Rfb8 19. Bc3 Nb5 20. Rfe1 Rc8 21.
Ne5 Be6 22. Qd3 Bd5 23. b4 Nxc3 24. Qxc3 e6 25. Ra3 Rab8 26. h3 Ba8 27. Qe3 Qd5
28. f3 Rxb4 29. Rxa6 Rxd4 30. Ncd7 Rd8 31. Nb6 Bb7 32. Nxd5 R4xd5 33. Ra7 Rxe5
34. Qxe5 Bxe5 35. Rxe5 Bd5 36. Re3 h5 37. Rc3 Rb8 38. Rcc7 e5 39. Rc5 Rb1+ 40.
Kf2 Rb2+ 41. Ke3 Be6 42. g4 h4 43. Rxe5 Rh2 44. Rc5 Rxh3 45. Rb5 Rg3 46. Rb8+
Kg7 47. Kf4 Rg1 48. Raa8 Kf6 49. Re8 h3 50. g5+ Rxg5 51. Rg8 Rg1 52. Rh8 Rh1 53.
Ra5 Rb1 54. Kg3 Rg1+ 55. Kf4 Kg7 56. Rd8 h2 57. Raa8 h1=Q 58. Rg8+ Kf6 59. Ke3
Qh2 60. Ra2 Re1+ 61. Kd4 Qxa2 62. f4 Qd2+ 63. Kc5 Rc1+ 64. Kb5 Qb2+ 65. Ka4 Ra1# 0-1

[Event "Titled Tue 24th Jun Early"]
[Site "chess.com INT"]
[Date "2025.06.24"]
[Round "2"]
[White "Vaganian, Rafael A"]
[Black "Klukin, Kirill"]
[Result "1/2-1/2"]
[WhiteTitle "GM"]
[BlackTitle "IM"]
[WhiteElo "2449"]
[BlackElo "2401"]
[WhiteFideId "13300016"]
[BlackFideId "24199273"]
[EventDate "2025.06.24"]

1. d4 e6 2. Nf3 f5 3. g3 Nf6 4. Bg2 d5 5. O-O Bd6 6. c4 c6 7. b3 Qe7 8. Bb2 O-O
9. Qc1 b6 10. Ba3 Bb7 11. Bxd6 Qxd6 12. Qa3 Qxa3 13. Nxa3 Nbd7 14. Rac1 Rac8 15.
b4 Ne4 16. Rc2 a5 17. bxa5 Ra8 18. Nb1 Rxa5 19. Nfd2 Rfa8 20. cxd5 exd5 21. a3
Nd6 22. Rfc1 Nb5 23. Rxc6 Bxc6 24. Rxc6 Nxd4 25. Rd6 Nf6 26. e3 Nc2 27. Rxb6
Nxa3 28. Nxa3 Rxa3 29. Rxf6 Ra1+ 30. Nf1 Rxf1+ 31. Kxf1 Ra1+ 32. Ke2 gxf6 33.
Bxd5+ Kg7 34. h4 h6 35. Kf3 Ra5 36. Be6 Re5 37. Bc8 Rc5 38. Bd7 Rd5 39. Be6 Re5
40. Bc8 Kg6 41. Bd7 Re7 42. Bc8 Rc7 43. Be6 Rc2 44. Bd7 Rb2 45. Be8+ Kg7 46. Bd7
f4 47. gxf4 Kf8 48. Bf5 Ke7 49. h5 Kd6 50. Bg6 Kd5 51. Kg4 Ke6 52. Kf3 Rd2 53.
Bh7 Kd6 54. Bg6 Ke6 55. Bh7 f5 56. Bg6 Rd8 57. Bh7 Kf6 58. Bg6 Rg8 59. Kg3 Rg7
60. Kf3 Ra7 61. Kg3 Ra5 62. Kf3 Ke7 63. Kg3 Rc5 64. Kf3 Kd6 65. Kg3 Kc6 66. Kf3
Kd6 67. Bh7 Ke7 68. Bg6 Kf6 69. Bh7 Rc7 70. Bg6 Ra7 71. Kg3 Ra1 72. Kf3 Rh1 73.
Kg3 Ke6 74. Kg2 Re1 75. Kf3 Rc1 76. Kg3 Kf6 77. Kf3 Rc7 78. Kg3 Ke6 79. Kf3 Ra7
80. Kg3 Ra1 81. Kf3 Ra5 82. Kg3 Ke7 83. Kf3 Kf8 84. Kg3 Kg7 85. Kf3 Rc5 86. Kg3
Kf6 87. Kf3 Rc1 88. Kg3 Rg1+ 89. Kf3 Ke6 90. Ke2 Rh1 91. Kf3 Ra1 92. Kg2 Kf6 93.
Kf3 Ra3 94. Kg3 Rc3 95. Kf3 Rc5 96. Ke2 Ra5 97. Kf3 Ra7 1/2-1/2

[Event "Titled Tue 24th Jun Early"]
[Site "chess.com INT"]
[Date "2025.06.24"]
[Round "2"]
[White "Ternault, Mathieu"]
[Black "Aranda, Juan Manuel"]
[Result "0-1"]
[WhiteTitle "FM"]
[BlackTitle "CM"]
[WhiteElo "2275"]
[BlackElo "2134"]
[WhiteFideId "20641532"]
[BlackFideId "160458"]
[EventDate "2025.06.24"]

1. d4 d6 2. c4 e5 3. dxe5 dxe5 4. Qxd8+ Kxd8 5. Nc3 Be6 6. Bd2 c6 7. e3 Nd7 8.
O-O-O Nb6 9. b3 Ba3+ 10. Kc2 Kc7 11. Nf3 f6 12. Ne4 Rd8 13. Be2 Bf5 14. Bd3 Rxd3
15. Kxd3 Nh6 16. Nd4 exd4 17. exd4 Re8 18. f3 Ng4 19. Rhe1 Nf2+ 20. Kc2 Nxd1 21.
Kxd1 Bxe4 22. fxe4 Nd7 23. g4 Bd6 24. Kc2 h6 25. h4 c5 26. Bc3 Bg3 27. Re2 Bxh4
28. e5 fxe5 29. d5 Kd6 30. Kd3 Rf8 31. Bd2 Rf3+ 32. Kc2 Nf6 33. Bc3 e4 34. Rg2
Rf2+ 35. Rxf2 Bxf2 36. Kd2 Nxg4 37. Bxg7 Be3+ 38. Ke2 Bf4 39. Bf8+ Kd7 40. Bxc5
b6 41. Bg1 Bd6 42. a4 Bc5 43. Bxc5 bxc5 44. a5 Kd6 45. Kd2 h5 46. Ke2 h4 47. Kf1
h3 48. a6 h2 49. Kg2 e3 50. b4 e2 51. b5 h1=Q+ 52. Kxh1 e1=Q+ 53. Kg2 Qf2+ 54.
Kh3 Qf3+ 55. Kh4 Ne5 56. Kg5 Qg4+ 57. Kf6 Qg6# 0-1

[Event "Titled Tue 24th Jun Early"]
[Site "chess.com INT"]
[Date "2025.06.24"]
[Round "2"]
[White "Viskelis, Darius"]
[Black "Kiremitciyan, Ari"]
[Result "0-1"]
[WhiteTitle "FM"]
[BlackTitle "FM"]
[WhiteElo "2170"]
[BlackElo "2271"]
[WhiteFideId "12800830"]
[BlackFideId "6373445"]
[EventDate "2025.06.24"]

1. e4 c6 2. d3 d5 3. Nd2 Qc7 4. Ngf3 e5 5. g3 Nf6 6. Bg2 dxe4 7. Nxe4 Nxe4 8.
dxe4 Bg4 9. h3 Bxf3 10. Qxf3 Bc5 11. O-O O-O 12. c3 a5 13. Rd1 Na6 14. Qf5 Rad8
15. Bg5 f6 16. Bd2 Qd7 17. Qf3 Qe7 18. Be3 Bxe3 19. Qxe3 Qc5 20. Qe2 Nc7 21. Bf1
g6 22. Qc4+ Qxc4 23. Bxc4+ Kg7 24. a4 f5 25. Kf1 Kf6 26. Ke2 f4 27. g4 Na8 28.
f3 Nb6 29. Bb3 h6 30. h4 Rxd1 31. Rxd1 Ke7 32. Rd2 g5 33. h5 Rd8 34. Rxd8 Kxd8
35. Kd3 Ke7 36. Bc2 Nd7 37. Kc4 b6 38. b4 Kd6 39. Bd3 Nf6 40. Be2 Ne8 41. Bd3
Nc7 42. Be2 axb4 43. cxb4 b5+ 44. Kb3 bxa4+ 45. Kxa4 Ne6 46. Bd1 Nd4 47. Ka5 Nb5
48. Bc2 Nc3 49. Bd3 Na2 50. Ka4 Nc3+ 51. Kb3 Nd1 52. Kc2 Ne3+ 53. Kd2 c5 54.
bxc5+ Kxc5 55. Ke2 Kd4 56. Kd2 Ng2 57. Bc2 Ne3 58. Ba4 Nc4+ 59. Ke2 Nb2 60. Bb3
Nd3 61. Bc2 Nc5 62. Bd1 Kc3 63. Ke1 Kd3 0-1

[Event "Titled Tue 24th Jun Early"]
[Site "chess.com INT"]
[Date "2025.06.24"]
[Round "2"]
[White "Adhiban, Baskaran"]
[Black "Sharapov, Yevhen"]
[Result "1-0"]
[WhiteTitle "GM"]
[BlackTitle "GM"]
[WhiteElo "2509"]
[BlackElo "2375"]
[WhiteFideId "5018471"]
[BlackFideId "14103133"]
[EventDate "2025.06.24"]

1. e4 c5 2. Nc3 Nc6 3. Bb5 Nd4 4. Nf3 a6 5. Bc4 e6 6. Nxd4 cxd4 7. Ne2 Bc5 8. d3
Ne7 9. Bb3 O-O 10. O-O b5 11. Kh1 Bb7 12. Qe1 d5 13. f3 Nc6 14. Bd2 a5 15. a4
bxa4 16. Rxa4 Nb4 17. Qg3 Kh8 18. Nf4 Bc6 19. Raa1 a4 20. Bxb4 Bxb4 21. Ba2 Bd6
22. Qg4 Bxf4 23. Qxf4 Qb8 24. Qc1 Qb4 25. Rb1 Rfc8 26. Re1 dxe4 27. fxe4 Bb5 28.
Qd1 Rc7 29. Rf1 Rac8 30. Rf2 Qc5 31. h3 h6 32. Rc1 Qg5 33. Rf3 Ba6 34. Rf2 Qe3
35. Rf3 Qg5 36. Bb1 Bb5 37. Qf1 Kg8 38. Re1 Qe5 39. Qf2 Rb8 40. Rf1 Be8 41. c4
dxc3 42. d4 Qa5 43. bxc3 a3 44. e5 Rxb1 45. Rxb1 a2 46. Ra1 Ra7 47. Qb2 Bc6 48.
Rf2 Bd5 49. Kh2 g6 50. Qb8+ Kg7 51. Qb2 h5 52. h4 Rc7 53. Rc1 Rc4 54. Ra1 Ra4
55. Qd2 Ra3 56. Qg5 Qa7 57. Qf6+ Kg8 58. g4 Rxc3 59. gxh5 Qxd4 60. Qxf7+ Kh8 61.
Qf8+ Kh7 62. hxg6+ Kxg6 63. Rg1+ Kh5 64. Qh8# 1-0

[Event "Titled Tue 24th Jun Early"]
[Site "chess.com INT"]
[Date "2025.06.24"]
[Round "2"]
[White "Wan, Yunguo"]
[Black "Teterev, Vitaly"]
[Result "1/2-1/2"]
[WhiteTitle "GM"]
[BlackTitle "GM"]
[WhiteElo "2501"]
[BlackElo "2248"]
[WhiteFideId "8603189"]
[BlackFideId "13501429"]
[EventDate "2025.06.24"]

1. Nf3 Nf6 2. g3 d5 3. Bg2 c6 4. O-O Bg4 5. h3 Bh5 6. c4 e6 7. cxd5 Bxf3 8. Bxf3
cxd5 9. Qb3 Qb6 10. d3 Nc6 11. Be3 Qxb3 12. axb3 Be7 13. Nc3 Kd7 14. Rfc1 Rhc8
15. Bg2 Bd6 16. Kf1 Be5 17. f4 Bd4 18. Bd2 Ke7 19. e4 dxe4 20. dxe4 e5 21. Nd5+
Kd6 22. Bc3 Nh5 23. Bxd4 Nxd4 24. Rd1 Nxg3+ 25. Kf2 Nh5 26. fxe5+ Kxe5 27. Ne3
Nxb3 28. Ra3 Nd4 29. Ra5+ b5 30. Ng4+ Kf4 31. Rxd4 Rc2+ 32. Kg1 Ng3 33. e5+ Kg5
34. Bxa8 Ne2+ 35. Kf1 Nxd4 36. Rxa7 f5 37. Rxg7+ Kf4 38. Nf6 Kxe5 39. Nd7+ Kf4
40. Ke1 Rxb2 41. Kd1 Rh2 42. Rxh7 b4 43. Nc5 b3 44. Rd7 Ke3 45. Re7+ Kf4 46.
Nd3+ Kg5 47. Rg7+ Kf6 48. Rh7 b2 49. Rb7 Rxh3 50. Nxb2 Ne6 51. Rb6 Ke5 52. Nc4+
Kf6 53. Ke1 Ke7 54. Bd5 Nf4 55. Rb7+ Kf6 56. Bc6 Kg5 57. Kf2 Rc3 58. Ne5 Rc2+
59. Kf3 Rc3+ 60. Kf2 Rc2+ 61. Kf1 Rc1+ 62. Kf2 Rc2+ 1/2-1/2

[Event "Titled Tue 24th Jun Early"]
[Site "chess.com INT"]
[Date "2025.06.24"]
[Round "2"]
[White "Nusrat Jahan, Alo"]
[Black "Shubhi Gupta"]
[Result "0-1"]
[WhiteTitle "WCM"]
[BlackTitle "WFM"]
[WhiteElo "1795"]
[BlackElo "2188"]
[WhiteFideId "10226826"]
[BlackFideId "25195425"]
[EventDate "2025.06.24"]

1. e4 e5 2. Nf3 Nc6 3. Bc4 Bc5 4. c3 Nf6 5. d4 exd4 6. e5 d5 7. Bb5 Ne4 8. cxd4
Bb6 9. Nc3 O-O 10. Be3 Ne7 11. h3 c6 12. Bd3 f5 13. exf6 Nxf6 14. O-O Bf5 15.
Ne5 Qc8 16. Bxf5 Nxf5 17. a4 Nd7 18. a5 Nxe5 19. axb6 Nc4 20. bxa7 Nxb2 21. Qb3
Nc4 22. Rfe1 Nfxe3 23. fxe3 Qf5 24. Rf1 Qxf1+ 25. Rxf1 Rxf1+ 26. Kh2 Rxa7 27. e4
Ra3 28. Qb4 Rfa1 29. exd5 Ne3 30. dxc6 Nf1+ 31. Kg1 Ng3+ 32. Kf2 Rxc3 33. Qxc3
Ne4+ 34. Kf3 Rf1+ 35. Ke2 Nxc3+ 36. Kxf1 bxc6 37. Ke1 Nd5 38. Kd2 Kf7 39. Kd3
Ke6 40. Ke4 Kd6 41. Kd3 Nf4+ 42. Ke3 Nxg2+ 43. Ke4 Nh4 44. Kd3 Nf5 45. Ke4 g6
46. Kd3 h5 47. Kc4 g5 48. Kd3 Kd5 49. Ke2 g4 50. hxg4 hxg4 51. Kf2 Kxd4 52. Ke2
c5 53. Kf2 c4 54. Ke2 c3 55. Kd1 g3 56. Kc2 g2 57. Kc1 g1=Q+ 58. Kc2 Qf2+ 59.
Kb3 Qb2+ 60. Ka4 Kc4 61. Ka5 Qb5# 0-1

[Event "Titled Tue 24th Jun Early"]
[Site "chess.com INT"]
[Date "2025.06.24"]
[Round "2"]
[White "Chiang, Jacob"]
[Black "Vasquez Schroeder, Rodrigo"]
[Result "1-0"]
[BlackTitle "GM"]
[WhiteElo "2006"]
[BlackElo "2446"]
[WhiteFideId "30962331"]
[BlackFideId "3400042"]
[EventDate "2025.06.24"]

1. Nf3 c5 2. c4 Nf6 3. Nc3 e6 4. g3 b6 5. Bg2 Bb7 6. O-O a6 7. d4 cxd4 8. Nxd4
Bxg2 9. Kxg2 Qc7 10. Qd3 d6 11. b3 Nbd7 12. Bb2 Ne5 13. Qd2 Qb7+ 14. f3 Be7 15.
Rad1 O-O 16. e4 Rac8 17. Rfe1 Rfd8 18. f4 Ned7 19. Nf3 Nc5 20. Qe2 h6 21. Ba3
Qa8 22. Kg1 Bf8 23. e5 dxe5 24. Nxe5 Qb7 25. Bb2 Qc7 26. Qf3 Rxd1 27. Rxd1 Rd8
28. Bc1 Ncd7 29. Nxd7 Rxd7 30. Be3 Bb4 31. Rxd7 Nxd7 32. Ne4 f5 33. Nf2 Kf7 34.
Qh5+ Kf8 35. Nd3 Bd6 36. Qf3 a5 37. Qa8+ Kf7 38. Kf2 Nf6 39. Ke2 Ne4 40. Qa6 Nc5
41. Nxc5 Bxc5 42. Qb5 Bxe3 43. Kxe3 Qd6 44. Qe5 Qd7 45. Ke2 Qc6 46. Kf2 g5 47.
h4 gxh4 48. gxh4 Kg6 49. Qe2 Qd6 50. h5+ Kf7 51. Qe3 Qa3 52. Qxb6 Qxa2+ 53. Kg3
Qb2 54. c5 Qc3+ 55. Kg2 Qd2+ 56. Kf3 Qd3+ 57. Kf2 Qd4+ 58. Kf3 Qe4+ 59. Kg3 Qe3+
60. Kg2 Qe4+ 61. Kg3 Qe3+ 62. Kg2 Qe2+ 63. Kg1 Qg4+ 64. Kf2 Qxf4+ 65. Ke2 Qe4+
66. Kd2 Qd4+ 67. Kc2 f4 68. Qb7+ Kf6 69. c6 Qc5+ 70. Kb2 f3 71. c7 f2 72. c8=Q
Qd4+ 73. Ka2 f1=Q 74. Qf8+ Ke5 75. Qxf1 Qd2+ 76. Ka3 Qb4+ 77. Qxb4 axb4+ 78.
Kxb4 1-0

[Event "Titled Tue 24th Jun Early"]
[Site "chess.com INT"]
[Date "2025.06.24"]
[Round "2"]
[White "Sailer, Mike"]
[Black "Suvradeepta, Das"]
[Result "0-1"]
[BlackTitle "FM"]
[WhiteElo "2108"]
[BlackElo "2230"]
[WhiteFideId "2012901"]
[BlackFideId "5058031"]
[EventDate "2025.06.24"]

1. d4 Nf6 2. Nf3 e6 3. e3 b6 4. Bd3 Bb7 5. O-O Ne4 6. b3 f5 7. Bb2 Be7 8. Ne1
O-O 9. f3 Nf6 10. c4 Nc6 11. a3 Qe8 12. Nc3 a6 13. Nc2 Qf7 14. Qe1 Rae8 15. e4
Bd8 16. exf5 exf5 17. Qf2 Nh5 18. Nd5 Ne7 19. Nxe7+ Bxe7 20. Bc1 g6 21. Bh6 Ng7
22. Bf4 Ne6 23. Bh6 Ng7 24. Bd2 Bf6 25. Rae1 Ne6 26. Bc3 Nf4 27. Rxe8 Rxe8 28.
Qd2 Bg5 29. Qd1 Nxd3 30. Qxd3 Bf6 31. Kh1 Qf8 32. h3 Qh6 33. Re1 Rf8 34. d5 Qg7
35. Bxf6 Qxf6 36. Nd4 b5 37. Qe3 bxc4 38. bxc4 a5 39. Nb3 Ba6 40. c5 Bc4 41.
Nxa5 Bxd5 42. c6 dxc6 43. Nb7 Ra8 44. Nc5 Qf7 45. Qe7 Qxe7 46. Rxe7 Rxa3 47.
Rxc7 Rc3 48. Nd7 Bf7 49. Ne5 Bd5 50. Nd7 Bf7 51. Nf6+ Kg7 52. Nd7 Kh6 53. Ne5
Bd5 54. Nd7 Kg5 55. Nf8 Kf4 56. Nxh7 Kg3 57. Ng5 Rc1# 0-1

[Event "Titled Tue 24th Jun Early"]
[Site "chess.com INT"]
[Date "2025.06.24"]
[Round "2"]
[White "Verbova, Elena"]
[Black "Arnav, Maheshwari"]
[Result "1/2-1/2"]
[WhiteTitle "WFM"]
[BlackTitle "FM"]
[WhiteElo "2033"]
[BlackElo "2295"]
[WhiteFideId "14203677"]
[BlackFideId "25660357"]
[EventDate "2025.06.24"]

1. c4 g6 2. d4 Bg7 3. Nc3 d6 4. e4 Nf6 5. h3 O-O 6. Be3 e5 7. d5 a5 8. g4 Na6 9.
Nf3 Nc5 10. Nd2 Ne8 11. h4 Kh8 12. g5 f5 13. h5 Kg8 14. hxg6 hxg6 15. Nf3 fxe4
16. Nd2 Nd3+ 17. Bxd3 exd3 18. Nde4 Bf5 19. Qxd3 c6 20. O-O-O c5 21. f3 Kf7 22.
Nb5 Ke7 23. Rh7 Rf7 24. Qe2 Kd7 25. Qc2 Kc8 26. Qa4 Qd7 27. Nbxd6+ Nxd6 28.
Nxd6+ Kc7 29. Nb5+ Kb6 30. Qa3 Rc8 31. Bd2 Ra8 32. Be3 Bf8 33. Rxf7 Qxf7 34. b4
Bh3 35. bxc5+ Ka6 36. Bd2 b6 37. Nd6 Bxd6 38. cxd6 Rc8 39. Qd3 Bf5 40. Qe2 Qxd5
41. Bc3 Qc5 42. Kb2 Rd8 43. Qxe5 Qxc4 44. Qd5 Qxd5 45. Rxd5 Kb7 46. Bf6 Kc6 47.
Bxd8 Kxd5 48. Be7 Kc6 49. f4 Be6 50. a3 b5 51. Kc3 Kd7 52. Kd4 b4 53. axb4 axb4
54. Kc5 b3 55. Bf6 Bf7 56. Be5 Be6 57. Kb6 Bc4 58. Kc5 Be6 59. Kb6 Bf5 60. Kc5
Be6 1/2-1/2

[Event "Titled Tue 24th Jun Early"]
[Site "chess.com INT"]
[Date "2025.06.24"]
[Round "2"]
[White "Hartge, Gedeon"]
[Black "Bestard Borras, Miguel"]
[Result "1-0"]
[WhiteTitle "FM"]
[BlackTitle "CM"]
[WhiteElo "2328"]
[BlackElo "2116"]
[WhiteFideId "12932116"]
[BlackFideId "2221888"]
[EventDate "2025.06.24"]

1. e4 d6 2. d4 Nf6 3. Nc3 e5 4. Nge2 exd4 5. Nxd4 Be7 6. Be3 O-O 7. Qd2 d5 8.
exd5 Nxd5 9. Nxd5 Qxd5 10. Nb3 Qxd2+ 11. Bxd2 Bf6 12. O-O-O b6 13. Bd3 Bb7 14.
f3 Nd7 15. Rhe1 Ne5 16. Bf1 Rfe8 17. Bf4 c5 18. Nd2 Rad8 19. Ne4 Rxd1+ 20. Kxd1
Bxe4 21. Rxe4 Kf8 22. b3 Rd8+ 23. Kc1 Ng6 24. Bc7 Rd7 25. Bb5 Re7 26. Rxe7 Kxe7
27. Bb8 Be5 28. Bxa7 Bc7 29. g3 Ne5 30. f4 Nf3 31. a4 Kd6 32. h4 Nd4 33. Bc4 Nc6
34. Bxb6 Bxb6 35. Bxf7 Nd4 36. Kd2 Nf5 37. c3 Nxg3 38. b4 cxb4 39. cxb4 Nf5 40.
h5 Be3+ 41. Kd3 Bxf4 42. Ke4 Bd2 43. Kxf5 Bxb4 44. Bg8 h6 45. Kg6 Bc3 46. Bf7
Kc5 47. Be8 Kb4 48. Bb5 Ka5 49. Kf5 Kb4 50. Kg6 Ka5 51. Kf5 Kb6 52. Be8 Kc7 53.
Ke4 Kd8 54. Bg6 Ke7 55. Kd5 Kf6 56. Kc6 Ke5 57. Kb6 Kd6 58. a5 Bd4+ 59. Kb7 Ke7
60. a6 Kf8 61. Bh7 Kf7 62. a7 Bxa7 63. Kxa7 Kf8 64. Kb6 Kf7 65. Kc5 Kf6 66. Kd4
Kf7 67. Ke4 Kf6 68. Kf4 Kf7 69. Kf5 Kf8 70. Kg6 Ke7 71. Kxg7 Ke8 72. Kxh6 Kf8
73. Kg6 Ke7 74. Bg8 Kf8 75. Ba2 Ke7 76. h6 1-0

[Event "Titled Tue 24th Jun Early"]
[Site "chess.com INT"]
[Date "2025.06.24"]
[Round "2"]
[White "Kovalev, Vladislav"]
[Black "Xalmatov, Yakubjon"]
[Result "1-0"]
[WhiteTitle "GM"]
[BlackTitle "CM"]
[WhiteElo "2557"]
[BlackElo "2096"]
[WhiteFideId "13504398"]
[BlackFideId "14201615"]
[EventDate "2025.06.24"]

1. e4 c6 2. Nf3 d5 3. d3 dxe4 4. dxe4 Qxd1+ 5. Kxd1 Bg4 6. Be2 Nd7 7. Ne1 Bxe2+
8. Kxe2 O-O-O 9. Be3 b6 10. a4 e5 11. Nd3 f6 12. Nd2 Ne7 13. Nc4 Kc7 14. a5 b5
15. Nd2 Nc8 16. a6 Ncb6 17. Rhc1 c5 18. c4 b4 19. Nb3 Kc6 20. Na5+ Kc7 21. Nb7
Rc8 22. Ra5 Kb8 23. b3 Be7 24. Ndxc5 Nxc5 25. Nxc5 Rc6 26. Rb5 Rhc8 27. Na4 Kc7
28. Rd1 Rb8 29. Nxb6 axb6 30. Rbd5 Bd6 31. a7 Ra8 32. Bxb6+ Rxb6 33. c5 Bxc5 34.
Rxc5+ Rc6 35. Rdc1 Rxc5 36. Rxc5+ Kb6 37. Rc4 Rxa7 38. Rxb4+ Kc5 39. Ra4 Rb7 40.
Rc4+ Kb5 41. Kd3 Rd7+ 42. Kc2 Ra7 43. Kd3 Rd7+ 44. Ke3 Ra7 45. g3 Rd7 46. h4 Ra7
47. h5 h6 48. Kf3 Kb6 49. Kg4 Ra3 50. Rb4+ Kc6 51. Rb8 Ra2 52. f3 Ra7 53. b4 Kc7
54. Rf8 Kc6 55. Rc8+ Kd7 56. Rc2 Kd6 57. b5 Rb7 58. Rb2 Ke6 59. b6 Kd6 60. Kf5
Kc5 61. Kg6 Kd4 62. Rb3 Kc4 63. Rb1 Kd3 64. Kf5 Ke3 65. Rb3+ Kf2 66. f4 exf4 67.
gxf4 Kg2 68. e5 fxe5 69. fxe5 Rf7+ 70. Kg6 Rb7 71. e6 1-0

[Event "Titled Tue 24th Jun Early"]
[Site "chess.com INT"]
[Date "2025.06.24"]
[Round "2"]
[White "Zhakshylykov, Erzhan"]
[Black "Kollars, Dmitrij"]
[Result "0-1"]
[WhiteTitle "IM"]
[BlackTitle "GM"]
[WhiteElo "2362"]
[BlackElo "2633"]
[WhiteFideId "13804111"]
[BlackFideId "12909572"]
[EventDate "2025.06.24"]

1. d4 Nf6 2. c4 c6 3. Nc3 d5 4. cxd5 cxd5 5. Nf3 Nc6 6. Bf4 Nh5 7. Bd2 e6 8. e3
Bd6 9. Bd3 g6 10. O-O a6 11. e4 dxe4 12. Nxe4 Nf4 13. Nxd6+ Qxd6 14. Be4 O-O 15.
Be3 Bd7 16. Ne5 Nd5 17. Bh6 Rfd8 18. Nc4 Qb4 19. Rc1 Be8 20. a3 Qe7 21. Re1 Nf6
22. Bg5 h6 23. Bxh6 Rxd4 24. Qf3 Rxc4 25. Rxc4 Ne5 26. Qc3 Nxc4 27. Qxc4 Nxe4
28. Qxe4 Rc8 29. Qe5 f6 30. Qxe6+ Qxe6 31. Rxe6 Kf7 32. Re1 g5 33. f4 g4 34. f5
Rc2 35. Rc1 Rxb2 36. Rc7+ Kg8 37. Rg7+ Kh8 38. Re7 Bc6 39. Bg7+ Kg8 40. Bxf6
Rxg2+ 41. Kf1 Rxh2 42. Be5 Rh5 43. f6 Bd5 44. Kf2 Rh3 45. Rg7+ Kf8 46. Bd6+ Ke8
47. Re7+ Kd8 48. Ke2 Rf3 49. Rg7 Bc4+ 50. Kd2 Ke8 51. Re7+ Kd8 52. Bc7+ Kc8 53.
Be5 g3 54. Rg7 Rf5 55. Bxg3 Bd5 56. Rc7+ Kd8 57. Rg7 Ke8 58. Bh4 Bf7 59. Rg3 Rf4
60. Re3+ Kf8 61. Bg5 Rf5 62. Bh6+ Kg8 63. Rg3+ Kh7 64. Rg7+ Kxh6 65. Rxf7 b5 66.
Kc3 Kg6 67. Rf8 Rf3+ 68. Kb4 Rf4+ 69. Kc5 Ra4 70. f7 Rxa3 0-1

[Event "Titled Tue 24th Jun Early"]
[Site "chess.com INT"]
[Date "2025.06.24"]
[Round "2"]
[White "Demchenko, Anton"]
[Black "Bruhovich, Olexandr"]
[Result "1-0"]
[WhiteTitle "GM"]
[BlackTitle "CM"]
[WhiteElo "2619"]
[BlackElo "2208"]
[WhiteFideId "4160258"]
[BlackFideId "14119919"]
[EventDate "2025.06.24"]

1. e4 c5 2. Nf3 d6 3. d4 cxd4 4. Nxd4 Nf6 5. Nc3 a6 6. Bd3 e5 7. Nde2 Be7 8. O-O
O-O 9. Kh1 b5 10. Ng3 Be6 11. a4 b4 12. Nd5 a5 13. Nxe7+ Qxe7 14. f4 Bg4 15. Qe1
exf4 16. Bxf4 Nc6 17. Bg5 Qe5 18. Bxf6 gxf6 19. Qd2 Kh8 20. Qh6 Rg8 21. Rxf6 Rg6
22. Rxg6 fxg6 23. Rf1 Qg7 24. Qf4 Ne5 25. Bb5 Be6 26. b3 Rc8 27. Qf2 Ng4 28. Qd2
Qe5 29. Be2 Nf6 30. Bd3 Ng4 31. Ba6 Rd8 32. Be2 Nf6 33. Bf3 Kg7 34. Qf2 Rd7 35.
h3 Rc7 36. Rd1 Qc5 37. Qxc5 Rxc5 38. Rd2 Bf7 39. Ne2 Rc6 40. Nd4 Rb6 41. Nb5 Ne8
42. Kg1 Rc6 43. Kf2 Kf6 44. Ke3 Ke5 45. Be2 Nf6 46. Bd3 d5 47. Nd4 Rc8 48. Nf3+
Ke6 49. Ng5+ Ke7 50. Rf2 dxe4 51. Bxe4 Nxe4 52. Nxe4 Be6 53. g4 h6 54. Kd4 Rd8+
55. Kc5 Rd5+ 56. Kb6 Re5 57. Re2 Bd5 58. Ng3 Rxe2 59. Nxe2 Bg2 60. Nf4 Be4 61.
Kb5 Bxc2 62. Kxa5 Bxb3 63. Kxb4 Bc2 64. a5 Kd6 65. Kc3 Bb1 66. Kd4 g5 67. Nd5
Bg6 68. Ne3 Be8 69. Nf5+ Kc6 70. Nxh6 Kb5 71. Ke5 Bd7 72. Kf6 Kxa5 73. Kxg5 Kb6
74. Nf5 Kc5 75. h4 Kd5 76. Kf6 Ke4 77. h5 1-0

[Event "Titled Tue 24th Jun Early"]
[Site "chess.com INT"]
[Date "2025.06.24"]
[Round "2"]
[White "Asensio Ramos, Enrique Fernando"]
[Black "Rustemov, Alexander"]
[Result "0-1"]
[WhiteTitle "CM"]
[BlackTitle "GM"]
[WhiteElo "2200"]
[BlackElo "2525"]
[WhiteFideId "2214172"]
[BlackFideId "4119002"]
[EventDate "2025.06.24"]

1. d4 g6 2. Nc3 c5 3. d5 Bg7 4. e4 d6 5. h3 Nf6 6. Bb5+ Nbd7 7. a4 O-O 8. Nf3 a6
9. Be2 Rb8 10. O-O b6 11. Bf4 Ne8 12. Re1 Nc7 13. Qd2 b5 14. axb5 axb5 15. Bh6
b4 16. Bxg7 Kxg7 17. Na4 Nf6 18. Bc4 Ra8 19. b3 Bb7 20. Nb2 Rxa1 21. Rxa1 Nxe4
22. Qd3 Nc3 23. Nd1 N3xd5 24. Ra7 Qb8 25. Ra5 Nf6 26. Ne3 Bxf3 27. gxf3 Qb6 28.
Ra1 Ra8 29. Rxa8 Nxa8 30. Ng4 Nxg4 31. fxg4 Nc7 32. h4 e6 33. Qd2 d5 34. Bf1 Qd6
35. Bg2 h6 36. g5 hxg5 37. Qxg5 Ne8 38. h5 Kh7 39. hxg6+ fxg6 40. f4 Kg7 41. Bf1
Qf8 42. Bd3 Qf6 43. Qg4 Nd6 44. Kg2 Nf5 45. Kh1 Qh4+ 46. Qxh4 Nxh4 47. Ba6 Kf6
48. Kh2 Nf5 49. Bd3 g5 50. fxg5+ Kxg5 51. Kg2 Kf4 52. Kf2 Nd4 53. Ba6 Nf5 54.
Bc8 Ke5 55. Ke2 Nd6 56. Ba6 Ne4 57. Kd3 Kd6 58. Ke3 Nc3 59. Bf1 e5 60. Kd2 e4
61. Bh3 Ke5 62. Bc8 d4 63. Bb7 Kf4 64. Ke1 e3 65. Bc6 Ne4 66. Bb7 Nd2 67. Ba6
Ke5 68. Ke2 Ne4 69. Ke1 Nc3 70. Bc4 Ke4 71. Bd3+ Kf3 72. Bc4 e2 73. Bd3 Ke3 74.
Bh7 Nd5 75. Bd3 Nf4 76. Bxe2 Nxe2 77. Kd1 d3 78. c4 Nc3+ 79. Kc1 d2+ 80. Kb2 Kd3
81. Ka1 d1=Q+ 82. Kb2 Qb1# 0-1

[Event "Titled Tue 24th Jun Early"]
[Site "chess.com INT"]
[Date "2025.06.24"]
[Round "2"]
[White "Nitish, Belurkar"]
[Black "Birkisson, Bjorn Holm"]
[Result "1-0"]
[WhiteTitle "IM"]
[BlackTitle "CM"]
[WhiteElo "2454"]
[BlackElo "2128"]
[WhiteFideId "5084768"]
[BlackFideId "2310600"]
[EventDate "2025.06.24"]

1. e4 c5 2. Nf3 Nc6 3. d4 cxd4 4. Nxd4 e5 5. Nb5 d6 6. c4 Be6 7. N1c3 a6 8. Na3
g6 9. Nc2 Bg7 10. Be2 Nf6 11. O-O O-O 12. Ne3 Nd4 13. b3 Rc8 14. Bb2 b5 15. cxb5
Rxc3 16. Bxc3 Nxe4 17. Bb2 axb5 18. Nc2 Nxe2+ 19. Qxe2 f5 20. Qxb5 d5 21. Rfd1
d4 22. a4 Qh4 23. g3 Qh5 24. Qd3 Nxf2 25. Kxf2 Qxh2+ 26. Ke1 Qg1+ 27. Qf1 Qxg3+
28. Qf2 Qxb3 29. Rab1 Qxa4 30. Ra1 Qb5 31. Rab1 Qd5 32. Nb4 Qe4+ 33. Qe2 Qh4+
34. Qf2 Qe7 35. Ba3 Ra8 36. Nc2 Rxa3 37. Nxa3 Qxa3 38. Kf1 Bc4+ 39. Kg1 Bh6 40.
Qg2 Be3+ 41. Kh1 Qd6 42. Qa8+ Kg7 43. Qb7+ Kh6 44. Kh2 Bd5 45. Qb8 Bf4+ 46. Kh3
Qa6 47. Qf8+ Kh5 48. Qe7 Bg2+ 49. Kxg2 Qe2+ 50. Kg1 Be3+ 51. Kh1 Qf3+ 52. Kh2
Bf4+ 53. Kg1 Be3+ 54. Kh2 Qf2+ 55. Kh1 Qh4+ 56. Qxh4+ Kxh4 57. Rb5 Bf4 58. Kg2
Kg4 59. Rb6 g5 60. Rh6 Be3 61. Rxh7 e4 62. Rc7 d3 63. Rc4 Kf4 64. Rxd3 Bb6 65.
Rb3 Be3 66. Ra4 Bd2 67. Rc4 Be3 68. Kf1 Bd2 69. Ke2 Ba5 70. Rc5 Bd8 71. Rbb5 Kg3
72. Rxf5 g4 73. Rf8 Bc7 74. Rg8 Kh2 75. Rh5+ Kg2 76. Rh4 g3 77. Rxe4 Bd6 78.
Reg4 Bc7 79. R4g7 Bd6 80. Rg6 Be5 81. Ke3 Bc7 82. Rc8 Bd6 83. Rc2+ 1-0